00309nam a22001457a 450000500170000002000180001704100120003508200160004710000140006324500360007725000070011326000240012030000080014436500110015220260616132302.0 a9788198050212 aEnglish aT16 R24 VEL aVelsami B aChozhar Aatchiyilum Adimaigala? a01 aChennaibNCBHc2024 a660 b690.00